| 000 | 00873cam a2200217 4500 | ||
|---|---|---|---|
| 001 | WB3737-17 | ||
| 008 | 011004n2001 000 0 eng u | ||
| 035 | _a(Sirsi) u114996 | ||
| 245 | _aHousing market slowing | ||
| 260 | _c2001 | ||
| 490 |
_aRICS Press Release _v(pr128) 3 October 2001 (1) |
||
| 520 | _aInterim figures from the next RICS housing survey due 23 October 2001, point to a moderate slowdown in the housing market during September. The percentage difference between RICS members reporting price rises over those reporting falls dropped to 36%, down from 49% in August and the lowest figure since February 2001. | ||
| 590 | _aWB | ||
| 650 | _aHOUSING MARKET | ||
| 650 | _aSLOWDOWN | ||
| 650 | _aSTATISTICS | ||
| 650 | _aINTEREST RATES | ||
| 650 | _aRICS SURVEY | ||
| 690 | _aPROPERTY-RESIDENTIAL PROPERTY-RESIDENTIAL PROPERTY MARKET | ||
| 942 | _n0 | ||
| 999 |
_c68478 _d68478 |
||